Book of meditations for every day ih the year / (Record no. 22538)

MARC details
000 -LEADER
fixed length control field 00814nam a22002177a 4500
008 - FIXED-LENGTH DATA ELEMENTS--GENERAL INFORMATION
fixed length control field 090128t xxu||||| |||| 00| 0 eng d
010 ## - LCCN (DPL NO)
LC control number ENG-92653
020 ## - INTERNATIONAL STANDARD BOOK NUMBER
Terms of availability 250.00
International Standard Book Number 9788120737303
035 ## - SYSTEM CONTROL NUMBER
System control number EN-76186
037 ## - SOURCE OF ACQUISITION
Source of stock number/acquisition DBAD / PUB
040 ## - CATALOGING SOURCE
Original cataloging agency dpl
Language of cataloging English
082 ## - DEWEY DECIMAL CLASSIFICATION NUMBER
Classification number 230.42
100 ## - MAIN ENTRY--PERSONAL NAME
Personal name Allen, James
245 ## - TITLE STATEMENT
Title Book of meditations for every day ih the year /
Statement of responsibility, etc by James Allen
260 ## - PUBLICATION, DISTRIBUTION, ETC. (IMPRINT)
Date of publication, distribution, etc 2008
Place of publication, distribution, etc New Delhi
Name of publisher, distributor, etc Sterling Paperbacks
270 ## - ADDRESS
Address A-59, Okhla Indusstrial Area, Phase-II,
City New Delhi
Postal code 110020
300 ## - PHYSICAL DESCRIPTION
Extent 366p.
Dimensions 22cm (pbk)
650 ## - SUBJECT ADDED ENTRY--TOPICAL TERM
Topical term or geographic name as entry element Meditation
942 ## - ADDED ENTRY ELEMENTS (KOHA)
Source of classification or shelving scheme Dewey Decimal Classification
Item type English Books
Call number suffix ALL
Classification part 230.42
Holdings
Withdrawn status Lost status Source of classification or shelving scheme Damaged status Not for loan Collection code Home library Current library Date acquired Source of acquisition Cost, normal purchase price Total Checkouts Full call number Barcode Date last seen Copy number Cost, replacement price Koha item type
    Dewey Decimal Classification   Not For Loan Non-fiction D.B.Act.Division D.B.Act.Division 28/01/2009 DBAD / PUB 250.00   230.42 ALL EN-76186 28/01/2009 1 250.00 English Books

© Delhi Public Library
Hit Counter
free hit counter